000 00433nam a2200169Ia 4500
003 GCL
008 140319s9999 xx 000 0 ara d
040 _aGCL /
_cGCL
082 0 4 _a813.03
_bل ح
100 1 _aليلى العثمان
245 1 0 _aالحب لة صور /
_cليلى العثمان
300 _a116 ص
490 _a
650 0 4 _aالادب العربى
650 0 4 _aالقصة القصيرة
942 _2ddc
_cBK
999 _c46206
_d46206